01411nam a2200241Ia 4500001001100000003001000011008004100021040002500062041001300087100003200100245003800132250001100170260009200181300001100273500026000284501011400544520026000658650003400918942000700952957000600959999004200965952016201007L240-46639IT-CnALBA170116s9999||||xx |||||||||||||| ||und|| aIT-CnALBAcIT-CnALBA aITALIANO aCAMISANI ENRICO, SAC. POETA 0aANCH'IO VOGLIO BENE AL BELPAESE.  a1a ed. a BRESCIA, MILANObPAVONIANA TIPOLITOGR. c1996 [1° Ed.:1996 - Ed.Ling.Originale: 1996] a46 p.  aAMORE ALL'ITALIA. LO SFRATTATO DEL CENTRO. SCALATA AL GIUBILEO. AVVIO FIAMMANTE. W L'ULIVO. LA BUONA PASQUA. RAGAZZI. POLEMICHE POSTUME. SCUOLA LAICISTA. DI PIETRO DA GRANDE. CONSULTA CATTOLICA LEGA NORD. CATARTICA RICONCILIAZIONE. IL ROMANZO DI RENZO. PR aSocietà San Paolo EM - Piazza San Paolo, 14 - 12051 ALBA (CN) (non commercial uses only) ® Copyright 2017 aAMORE ALL'ITALIA. LO SFRATTATO DEL CENTRO. SCALATA AL GIUBILEO. AVVIO FIAMMANTE. W L'ULIVO. LA BUONA PASQUA. RAGAZZI. POLEMICHE POSTUME. SCUOLA LAICISTA. DI PIETRO DA GRANDE. CONSULTA CATTOLICA LEGA NORD. CATARTICA RICONCILIAZIONE. IL ROMANZO DI RENZO. PR aTEOLOGIA SPIRITUALE CRISTIANA cBK 71 a52900bNOg Copie: 1 c305578d305578 0010406L_2404663971aALBAbALBAd2017-01-16l0oL240-46639r2017-01-16 00:00:00w2017-01-16yBKz(data import: 16 gennaio 2017) - By Epidotti, Vaglietti.